| 000 | 00932cam a22002413a 4500 | ||
|---|---|---|---|
| 001 | 17771 | ||
| 003 | PGUSA | ||
| 005 | 20140828083359.0 | ||
| 008 | 060216s2006||||xxu|||||s|||||000 | eng d | ||
| 040 |
_aPGUSA _beng |
||
| 042 | _adc | ||
| 050 | 4 | _aB | |
| 100 | 1 |
_aSantayana, George, _d1863-1952 |
|
| 245 | 1 | 0 |
_aWinds Of Doctrine : _bStudies in Contemporary Opinion _h[electronic resource] / _cGeorge Santayana |
| 260 |
_bProject Gutenberg, _c2006 |
||
| 505 | 0 | _aThe intellectual temper of the age -- Modernism and Christianity -- The philosophy of M. Henri Bergson -- The philosophy of Mr. Bertrand Russell -- Shelley: or, The poetic value of revolutionary principles -- The genteel tradition in American philosophy. | |
| 506 | _aPublic domain in the USA. | ||
| 516 | _aElectronic text | ||
| 653 | _aPhilosophy, Modern | ||
| 830 | 0 |
_aProject Gutenberg _v17771 |
|
| 856 | 4 | 0 | _uhttp://www.gutenberg.org/ebooks/17771 |
| 942 | _cEB | ||
| 999 |
_c247026 _d247026 |
||